logo

Bir Sreshtho Munshi Abdur Rouf Library
Jhenaidah Cadet College

The Coral Island : (Record no. 6692)

MARC details
000 -LEADER
fixed length control field 00690nam a2200229 a 4500
001 - CONTROL NUMBER
JCCL Control Number 6692
003 - CONTROL NUMBER IDENTIFIER
JCCL marc code BD-JhCC
005 - DATE AND TIME OF LATEST TRANSACTION
control field 20180314165715.0
008 - FIXED-LENGTH DATA ELEMENTS--GENERAL INFORMATION
fixed length control field 180128s1901 enk f 000 1 eng d
035 ## - SYSTEM CONTROL NUMBER
system control number (BD-JhCC)6692
040 ## - CATALOGING SOURCE
Original cataloging agency BD-JhCC
Modifying agency BD-JhCC
041 ## - LANGUAGE CODE
Language code of Book eng
082 ## - DEWEY DECIMAL CLASSIFICATION NUMBER
Classification number 823.89
Author mark and Year BAL 1901
100 1# - MAIN ENTRY--PERSONAL NAME
Personal name Ballantyne, R. M.
Fuller form of name (Robert Michael),
Dates associated with a name 1825-1894.
245 14 - TITLE STATEMENT
Title The Coral Island :
Remainder of title a tale of the Pacific Ocean /
Statement of responsibility, etc by R.M. Ballantyne ; illustrated.
260 ## - PUBLICATION, DISTRIBUTION, ETC. (IMPRINT)
Place of publication, distribution, etc London :
Name of publisher, distributor, etc James Nisbet & Co., Limited,
Date of publication, distribution, etc 1901.
300 ## - PHYSICAL DESCRIPTION
Pagination xii, 288 p., [4] leaves of plates :
Other physical details ill. ;
Dimensions 20 cm.
500 ## - GENERAL NOTE
General note Fiction.
650 ## - SUBJECT ADDED ENTRY--TOPICAL TERM
Topical term or geographic name as entry element Adverture Stories
942 ## - ADDED ENTRY ELEMENTS (KOHA)
Source of classification or shelving scheme Dewey Decimal Classification
Koha item type Books
Holdings
Source of classification or shelving scheme Damaged status Not for loan Home library Current library Shelving location Total Checkouts Full call number Barcode Date last seen Copy number Koha item type Date of accession Date checked out
Dewey Decimal Classification     JCC Rouf Library JCC Rouf Library General Stacks   823.89 BAL 1901 9241 01/28/2018 C - 1 Books    
Dewey Decimal Classification     JCC Rouf Library JCC Rouf Library General Stacks 1 823.89 BAL 1901 8938 02/04/2025 C-2 Books 01/18/2018 01/20/2025
Dewey Decimal Classification     JCC Rouf Library JCC Rouf Library General Stacks   823.89 BAL 1901 12363 03/14/2018 C - 3 Books    

JCC Library | Contacts | JCC Home

Last Update on 23 September 2017
Copyright @ 2017-2020 JCC Rouf Library
Rouf Library, Jhenidah Cadet College (JCC), Bangladesh